Banca Oficial y Banca Privada dentro de las economías en proceso de desarrollo / (Record no. 29186)

MARC details
000 -LEADER
campo de control de longitud fija 00565nam a2200169 i 4500
001 - NÚMERO DE CONTROL
campo de control 29186
003 - IDENTIFICADOR DE NÚMERO DE CONTROL
campo de control ES-MaACL
007 - CAMPO FIJO DE DESCRIPCIÓN FÍSICA--INFORMACIÓN GENERAL
campo de control de longitud fija t|
008 - DATOS DE LONGITUD FIJA--INFORMACIÓN GENERAL
campo de control de longitud fija 030121s1975 sp ||||1| spa d
245 00 - MENCIÓN DEL TÍTULO
Título Banca Oficial y Banca Privada dentro de las economías en proceso de desarrollo /
Mención de responsabilidad, etc. Antonio Barrera de Irimo... [et al.].
250 ## - MENCION DE EDICION
Mención de edición [1ª ed.].
260 ## - PUBLICACIÓN, DISTRIBUCIÓN, ETC.
Lugar de publicación, distribución, etc. [Barcelona] :
Nombre del editor, distribuidor, etc. Dopesa,
Fecha de publicación, distribución, etc. [1975]
300 ## - DESCRIPCIÓN FÍSICA
Extensión 433 p. ;
Dimensiones 24 cm.
700 1# - ENTRADA AGREGADA--NOMBRE PERSONAL
Nombre de persona Barrera de Irimo, Antonio.
9 (RLIN) 25928
711 2# - ENTRADA AGREGADA--NOMBRE DE REUNIÓN
Nombre de congreso/reunión o jurisdicción como elemento de entrada Semana Económica Internacional (
Número del congreso/reunión o número de parte o sección 5ª)
9 (RLIN) 1004
852 ## - LOCALIZACIÓN
Ubicación ES-MaACL
Número de control de estantería E-8415
Sublocalización o colección R.92946
Holdings
Estatus retirado Estado de pérdida Estado de daño No para préstamo Biblioteca de origen Biblioteca actual Ubicación en estantería Fecha de adquisición Fuente de adquisición Total de préstamos Signatura topográfica completa Código de barras Visto por última vez Precio de reemplazo Tipo de ítem Koha
        Biblioteca del Ateneo de Madrid Biblioteca del Ateneo de Madrid Depósito 2 17/01/2008     E-8415 1030130 23/02/2023 23/02/2023 Libro impreso